000 00541nam a22001817a 4500
005 20251108172734.0
008 250721s2003 xx 000 0 ara d
082 1 4 _a346.073/ذني
100 1 _aالذنيبات، محمد جمال مطلق
_eمؤلف
245 1 0 _aالنظام القانوني لعقد القرض العام /
264 _c2003.
300 _a350ص
490 0 _a(الرسائل القانونية ؛ 493)
650 1 7 _aالقانون الخاص
650 1 7 _aالقروض
942 _2ddc
_cBK
999 _c87253
_d87253